[Event "Campionatele Nationale Individ"]
[Site "Voineasa"]
[Date "2008.04.18"]
[Round "9.4"]
[White "Stanciu, Ioana-Georgiana"]
[Black "Plesoiu, Irena-Eugenia"]
[Result "1/2-1/2"]
[WhiteElo "591"]
[BlackElo "530"]
[PlyCount "112"]
[EventDate "2008.??.??"]

1. e4 e5 2. Nf3 Nc6 3. Bc4 Bc5 4. Nc3 d6 5. h3 Nf6 6. d3 Be6 7. Bb3 O-O 8. Be3
Nd4 9. Bxd4 Bxd4 10. Nxd4 exd4 11. Ne2 c5 12. O-O Rc8 13. c3 dxc3 14. bxc3 d5
15. Nf4 b5 16. Nxe6 fxe6 17. exd5 Nxd5 18. c4 Nc3 19. Qc2 b4 20. a3 a5 21. axb4
axb4 22. Rfe1 Rf6 23. Ra6 Qe7 24. Rea1 Rg6 25. Ra8 Qb7 26. Rxc8+ Qxc8 27. Kh1
Qb7 28. Rg1 Rh6 29. Kh2 Qc7+ 30. Kh1 Qc6 31. Kh2 e5 32. Qd2 e4 33. Qe3 Qd6+ 34.
Kh1 Qd4 35. Qxd4 cxd4 36. dxe4 Nxe4 37. Kh2 Nxf2 38. Rf1 Rf6 39. Kg1 Nd3 40.
Rxf6 gxf6 41. c5+ Kf8 42. c6 Ke7 43. Bd1 Kd6 44. Bc2 Nc5 45. Kf2 Kxc6 46. Bxh7
b3 47. Bb1 b2 48. Ke1 Na4 49. Kd2 Nc3 50. Kc2 Nxb1 51. Kxb1 Kd5 52. Kxb2 Ke4
53. Kc2 Ke3 54. Kd1 f5 55. h4 Kf4 56. Kd2 Kg4 1/2-1/2